UCHHATAR MADHYAMIK RASAYAN(Part - II ) (Record no. 3573)
[ view plain ]
| 000 -LEADER | |
|---|---|
| fixed length control field | 00445cam a2200181ua 4500 |
| 008 - FIXED-LENGTH DATA ELEMENTS--GENERAL INFORMATION | |
| fixed length control field | 160630n II |||gr||||Z||||||asm |
| 040 ## - CATALOGING SOURCE | |
| Original cataloging agency | MAIN |
| 041 ## - LANGUAGE CODE | |
| -- | English |
| 082 ## - DEWEY DECIMAL CLASSIFICATION NUMBER | |
| Classification number | 540 SHA |
| 100 ## - MAIN ENTRY--PERSONAL NAME | |
| Personal name | SHARMA, PABITRA KUMAR. |
| 245 ## - TITLE STATEMENT | |
| Title | UCHHATAR MADHYAMIK RASAYAN(Part - II ) |
| 260 ## - PUBLICATION, DISTRIBUTION, ETC. | |
| Place of publication, distribution, etc. | GUWAHATI |
| Name of publisher, distributor, etc. | AHSEC |
| 300 ## - PHYSICAL DESCRIPTION | |
| Extent | 364: |
| Dimensions | 24CM. |
| 700 ## - ADDED ENTRY--PERSONAL NAME | |
| Personal name | BOISHA, NALINI KUMAR. |
| 942 ## - ADDED ENTRY ELEMENTS (KOHA) | |
| Koha item type | Books |
| 653 ## - INDEX TERM--UNCONTROLLED | |
| Uncontrolled term | Chemistry & allied sciences |
| Withdrawn status | Lost status | Damaged status | Not for loan | Collection code | Home library | Current library | Shelving location | Date acquired | Full call number | Barcode | Date last seen | Copy number | Price effective from | Koha item type |
|---|---|---|---|---|---|---|---|---|---|---|---|---|---|---|
| TBCHE | Central Library and Information Centre Sibsagar Girls College | Central Library and Information Centre Sibsagar Girls College | Chemistry Rack | 07.03.1985 | 540 SHA | 11695 | 27.02.2020 | 1 | 27.02.2020 | Books | ||||
| TBCHE | Central Library and Information Centre Sibsagar Girls College | Central Library and Information Centre Sibsagar Girls College | Chemistry Rack | 07.03.1985 | 540 SHA | 11696 | 27.02.2020 | 2 | 27.02.2020 | Books | ||||
| TBCHE | Central Library and Information Centre Sibsagar Girls College | Central Library and Information Centre Sibsagar Girls College | Chemistry Rack | 07.03.1985 | 540 SHA | 11697 | 27.02.2020 | 3 | 27.02.2020 | Books |